Structural surveying, (Record no. 6046)

MARC details
000 -LEADER
fixed length control field 00696nac a22002171u 4500
010 ## - LIBRARY OF CONGRESS CONTROL NUMBER
LC control number
020 ## - INTERNATIONAL STANDARD BOOK NUMBER
International Standard Book Number 0333318242
082 00 - DEWEY DECIMAL CLASSIFICATION NUMBER
Classification number 692
Item number MIK
090 ## - LOCALLY ASSIGNED LC-TYPE CALL NUMBER (OCLC); LOCAL CALL NUMBER (OCLC)
-- 6046
-- 6046
100 ## - MAIN ENTRY--PERSONAL NAME
Personal name Desch, H. E.
245 10 - TITLE STATEMENT
Title Structural surveying,
Statement of responsibility, etc by S. C. Desch, S. L. J. Mika
250 ## - EDITION STATEMENT
Edition statement 2nd ed.
260 ## - PUBLICATION, DISTRIBUTION, ETC. (IMPRINT)
Place of publication, distribution, etc London,
Name of publisher, distributor, etc Macmillan education,1988
Date of publication, distribution, etc 1988.
300 ## - PHYSICAL DESCRIPTION
Extent xi, 177 p.
Other physical details ill.;
Dimensions 24 cm.
500 ## - GENERAL NOTE
General note distributer: Al-Ahram
511 ## - PARTICIPANT OR PERFORMER NOTE
Participant or performer note catalogued by: wessam
650 #0 - SUBJECT ADDED ENTRY--TOPICAL TERM
Topical term or geographic name as entry element Building inspection.
700 1# - ADDED ENTRY--PERSONAL NAME
Personal name Desch, Stephen,
942 ## - ADDED ENTRY ELEMENTS (KOHA)
Item type Book - Borrowing
Call number prefix 692MIK
Holdings
Withdrawn status Item status Damaged status Not for loan Home library Current library Shelving location Date acquired Source of acquisition Total Checkouts Total Renewals Full call number Barcode Date last seen Date last borrowed Koha item type
        Central Library Central Library First floor 07/11/2012 Purchase 1 2 692MIK 000007296 15/07/2025 12/10/2010 Book - Borrowing